000 00428nam a2200169Ia 4500
005 20250508155853.0
008 008 250505s9999 xx 000 0 hin d
037 _aTextual
040 _aFEDL
_beng
_cFEDL
041 _ahin
_2hin
084 _aFH, NAG
_qFEDL
245 0 _aSaat kahaniya
260 _aAllahabad, India
_bBharti Bhandar
300 _a37p.
942 _cTEXL
_hFH, NAG
999 _c1359748
_d1359748